000 00726nam a2200229Ia 4500
005 20220903100137.0
008 210716s2005 xx 000 0 und d
020 _a8121924421
040 _cAIMIT LIBRARY
041 _aeng
082 _a574.87
_21
_bVERP
100 _aVerma, P S.
_956434
245 _aCell biology genetics molecular biology evolution and ecology /
_cBy P S Verma and V K Agarwal.
250 _a1st ed.
260 _aNew Delhi :
_bS Chand and Company Ltd ,
_c2005.
300 _axxiii, 294p. ;
_c23.5 cm.
650 _aTechniques in cell biology
_956435
650 _aCytoplasmic matrix
_956436
650 _aRibosomes
_956437
700 _aAgarwal, V K.
_956438
942 _2ddc
_cBK
_e1st
_k574.87 VERP
999 _c187287
_d187287